[Event "HUN-chT2 Erkel 1819"]
[Site "Hungary"]
[Date "2019.01.27"]
[Round "4.6"]
[White "Saar, Patrik"]
[Black "Mozes, Ervin"]
[Result "0-1"]
[WhiteElo "1890"]
[BlackElo "2157"]
[PlyCount "50"]
[EventDate "2018.10.28"]
[EventType "team-tourn"]
[EventRounds "9"]
[EventCountry "HUN"]
[SourceTitle "EXT 2021"]
[Source "ChessBase"]
[SourceDate "2020.10.23"]
[SourceVersion "1"]
[SourceVersionDate "2020.10.23"]
[SourceQuality "1"]
[WhiteTeam "Fot"]
[BlackTeam "Gyongyos Energia"]
[WhiteTeamCountry "HUN"]
[BlackTeamCountry "HUN"]

1. e4 d5 2. e5 c5 3. c3 d4 4. cxd4 cxd4 5. Nf3 Nc6 6. Bb5 Qd5 7. Bxc6+ bxc6 8. h3 f6 9. exf6 gxf6 10. 0-0 e5 11. Re1 Bd6 12. Qa4 Ne7 13. Qb3 Kf7 14. Na3 Be6 15. Qxd5 Bxd5 16. d3 Rhg8 17. Kh1 Rxg2 18. Kxg2 Rg8+ 19. Kf1 Bxf3 20. Nc4 Bb4 21. Rxe5 Bg2+ 22. Ke2 fxe5 23. Nxe5+ Ke6 24. Nf3 Bxf3+ 25. Kxf3 Rg1 0-1

[Event "Budapest-chT1 Lilienthal 1718"]
[Site "Budapest"]
[Date "2018.02.25"]
[Round "10"]
[White "Nagy, Daniel1"]
[Black "Saar, Patrik"]
[Result "0-1"]
[WhiteElo "1477"]
[BlackElo "1753"]
[PlyCount "89"]
[EventDate "2017.10.01"]
[EventType "team-tourn"]
[EventRounds "13"]
[EventCountry "HUN"]
[SourceTitle "EXT 2021"]
[Source "ChessBase"]
[SourceDate "2020.10.23"]
[SourceVersion "1"]
[SourceVersionDate "2020.10.23"]
[SourceQuality "1"]
[WhiteTeam "SENSE"]
[BlackTeam "Aquarena III"]
[WhiteTeamCountry "HUN"]
[BlackTeamCountry "HUN"]

1. d4 c5 2. e4 cxd4 3. Qxd4 Nc6 4. Qd1 Nf6 5. Bd3 d5 6. exd5 Qxd5 7. Nf3 Bg4 8. Nc3 Qe6+ 9. Be3 g6 10. Qd2 Bxf3 11. gxf3 Bg7 12. 0-0-0 0-0 13. h4 Nh5 14. b3 Nb4 15. Kb2 Rfd8 16. Bh6 Bh8 17. Rhe1 Qc6 18. Re4 Nd5 19. Rc4 Bxc3+ 20. Rxc3 Qxc3+ 21. Qxc3 Nxc3 22. Kxc3 Nf6 23. Re1 Nd5+ 24. Kb2 e6 25. Re4 Rd6 26. Rg4 Rad8 27. h5 Nf6 28. Rb4 Nxh5 29. Rxb7 R6d7 30. Rb4 Ng7 31. Bg5 Rc8 32. Be3 Nf5 33. Bg5 Kg7 34. a3 h6 35. Bf4 h5 36. Be5+ f6 37. Bc3 Rdc7 38. Bc4 Nd6 39. Bd2 Nxc4+ 40. bxc4 Rxc4 41. Rb7+ R8c7 42. Rxc7+ Rxc7 43. Bf4 e5 44. Bg3 g5 45. Kc1 0-1

[Event "Budapest Karacsonyi op"]
[Site "Budapest"]
[Date "2017.12.30"]
[Round "7"]
[White "Saar, Patrik"]
[Black "Varga, Boldizsar"]
[Result "1-0"]
[WhiteElo "1706"]
[BlackElo "1728"]
[PlyCount "131"]
[EventDate "2017.12.27"]
[EventType "swiss"]
[EventRounds "7"]
[EventCountry "HUN"]
[SourceTitle "CBM 182 Extra"]
[Source "ChessBase"]
[SourceDate "2018.02.23"]
[SourceVersion "1"]
[SourceVersionDate "2018.02.23"]
[SourceQuality "1"]

1. e4 c5 2. c3 g6 3. d4 cxd4 4. cxd4 d5 5. e5 Nc6 6. Nf3 Bg7 7. Nc3 Nh6 8. h3 0-0 9. Qb3 e6 10. Bg5 Qb6 11. Qxb6 axb6 12. g4 Bd7 13. Rc1 Kh8 14. Bxh6 Bxh6 15. g5 Bg7 16. h4 h5 17. gxh6 Bxh6 18. Rd1 f6 19. Rg1 Be8 20. Bd3 fxe5 21. Nxe5 Nxe5 22. dxe5 Kg7 23. Bxg6 Bxg6 24. h5 Kf7 25. Rxg6 Bf4 26. Rd3 Bxe5 27. Re3 Bxc3+ 28. bxc3 Rae8 29. Rf3+ Ke7 30. Rg7+ Kd6 31. Rxf8 Rxf8 32. Rxb7 Rh8 33. Rxb6+ Kd7 34. c4 Rxh5 35. cxd5 Rxd5 36. Rb2 Ra5 37. Kd1 Kc6 38. Kc1 Kc5 39. Kb1 Kc4 40. Rb8 Kc3 41. Rc8+ Kd2 42. Rc2+ Kd3 43. Rc6 e5 44. Rc2 Rb5+ 45. Kc1 Ra5 46. Rd2+ Ke4 47. Kb2 Kf3 48. Kb3 e4 49. a4 Ra8 50. Ra2 Rb8+ 51. Kc4 Rc8+ 52. Kb5 Rb8+ 53. Kc5 Rc8+ 54. Kb6 Rb8+ 55. Kc7 Rh8 56. a5 Rh7+ 57. Kb6 Rh6+ 58. Kb5 Rh5+ 59. Kc4 Rh8 60. a6 Rc8+ 61. Kb5 Rb8+ 62. Kc6 Rc8+ 63. Kb7 Rh8 64. a7 Rh7+ 65. Kb6 Rh6+ 66. Kc5 1-0

[Event "Budapest Karacsonyi op"]
[Site "Budapest"]
[Date "2017.12.29"]
[Round "4"]
[White "Laszlo, Csaba"]
[Black "Saar, Patrik"]
[Result "1/2-1/2"]
[WhiteElo "1674"]
[BlackElo "1706"]
[PlyCount "129"]
[EventDate "2017.12.27"]
[EventType "swiss"]
[EventRounds "7"]
[EventCountry "HUN"]
[SourceTitle "CBM 182 Extra"]
[Source "ChessBase"]
[SourceDate "2018.02.23"]
[SourceVersion "1"]
[SourceVersionDate "2018.02.23"]
[SourceQuality "1"]

1. e4 c5 2. Nf3 Nc6 3. d4 cxd4 4. Nxd4 g6 5. Be3 Bg7 6. Nc3 Nf6 7. f3 0-0 8. Qd2 d5 9. exd5 Nxd5 10. Nxd5 Qxd5 11. c3 Nxd4 12. Bxd4 Bxd4 13. Qxd4 Qxd4 14. cxd4 Rd8 15. Rd1 Be6 16. b3 Rd6 17. Bc4 Bxc4 18. bxc4 Rad8 19. d5 e6 20. Ke2 exd5 21. cxd5 Rxd5 22. Rxd5 Rxd5 23. Rb1 b5 24. Ke3 a6 25. h4 f5 26. Rc1 Rd7 27. Rc6 a5 28. Rb6 Re7+ 29. Kf4 Re2 30. Rxb5 Rxa2 31. g4 fxg4 32. fxg4 a4 33. Kg5 a3 34. Ra5 Ra1 35. Ra4 a2 36. Ra7 Kf8 37. Ra4 h5 38. Ra8+ Ke7 39. Ra7+ Kd8 40. Ra8+ Kc7 41. gxh5 gxh5 42. Kxh5 Kd6 43. Ra6+ Ke5 44. Ra5+ Kd4 45. Ra4+ Kc3 46. Kh6 Kb3 47. Ra8 Rh1 48. h5 a1Q 49. Rxa1 Rxa1 50. Kg7 Rg1+ 51. Kh7 Kc4 52. h6 Kd5 53. Kh8 Ke6 54. h7 Rh1 55. Kg7 Rg1+ 56. Kh8 Rh1 57. Kg7 Ke7 58. Kg8 Rg1+ 59. Kh8 Rf1 60. Kg8 Rf8+ 61. Kg7 Rf1 62. Kg8 Rf7 63. h8Q Rf8+ 64. Kg7 Rxh8 65. Kxh8 1/2-1/2

[Event "Budapest Karacsonyi op"]
[Site "Budapest"]
[Date "2017.12.28"]
[Round "3"]
[White "Saar, Patrik"]
[Black "Karacsonyi, Kata"]
[Result "1-0"]
[WhiteElo "1706"]
[BlackElo "1740"]
[PlyCount "65"]
[EventDate "2017.12.27"]
[EventType "swiss"]
[EventRounds "7"]
[EventCountry "HUN"]
[SourceTitle "CBM 182 Extra"]
[Source "ChessBase"]
[SourceDate "2018.02.23"]
[SourceVersion "1"]
[SourceVersionDate "2018.02.23"]
[SourceQuality "1"]

1. e4 c5 2. c3 d5 3. e5 Nc6 4. d4 e6 5. Nf3 a6 6. Bd3 b5 7. 0-0 c4 8. Bc2 Nge7 9. b4 a5 10. Bd2 axb4 11. cxb4 Ng6 12. Qe1 Qe7 13. a3 Nh4 14. Qe3 Nxf3+ 15. gxf3 Qa7 16. Bc3 Qb7 17. f4 Ra6 18. Nd2 Qa7 19. Bb2 Be7 20. Kh1 g6 21. Rg1 Bb7 22. Nf3 h6 23. Rac1 Nb8 24. Rg3 Nd7 25. Rcg1 Nb6 26. Rh3 Qb8 27. Ng5 Qc8 28. Nxf7 Kxf7 29. Bxg6+ Kf8 30. Qg3 Rg8 31. Rxh6 c3 32. Qh3 Qd8 33. Qxe6 1-0

[Event "Budapest Karacsonyi op 8th"]
[Site "Budapest"]
[Date "2016.12.28"]
[Round "2"]
[White "Demjen, Mark"]
[Black "Saar, Patrik"]
[Result "1-0"]
[WhiteElo "1658"]
[BlackElo "1760"]
[PlyCount "77"]
[EventDate "2016.12.27"]
[EventType "swiss"]
[EventRounds "7"]
[EventCountry "HUN"]
[SourceTitle "CBM 176 Extra"]
[Source "ChessBase"]
[SourceDate "2017.03.02"]
[SourceVersion "1"]
[SourceVersionDate "2017.03.02"]
[SourceQuality "1"]

1. e4 c5 2. c4 Nc6 3. Nf3 e6 4. Nc3 g6 5. d4 cxd4 6. Nxd4 Bg7 7. Ndb5 Be5 8. Nd6+ Bxd6 9. Qxd6 Qe7 10. Qd1 a6 11. Be2 Nf6 12. 0-0 b6 13. Be3 Rb8 14. f4 d6 15. Bf3 e5 16. Qd2 exf4 17. Bxf4 Ne5 18. Rad1 Nxc4 19. Qd4 Be6 20. Bg5 Ne5 21. Be2 Ned7 22. Rxf6 Nxf6 23. Bxf6 Qc7 24. Bxh8 Qc5 25. Qxc5 dxc5 26. Bf6 b5 27. Nd5 Bxd5 28. Rxd5 c4 29. Bg4 h5 30. Bh3 a5 31. Bd7+ Kf8 32. Rxb5 Ra8 33. Kf2 a4 34. Kf3 a3 35. b3 cxb3 36. Rxb3 Kg8 37. g4 hxg4+ 38. Kxg4 g5 39. Rh3 1-0